Colombia : (Registro nro. 8409)

Detalles MARC
000 -LEADER
fixed length control field 00920nam a2200205Ia 4500
003 - CONTROL NUMBER IDENTIFIER
control field OSt
005 - DATE AND TIME OF LATEST TRANSACTION
control field 20210825114006.0
008 - FIXED-LENGTH DATA ELEMENTS--GENERAL INFORMATION
fixed length control field 210310s1987 eu adb fr 000 0 spa d
040 ## - CATALOGING SOURCE
Original cataloging agency CO-JMCR
Transcribing agency CO-JMCR
041 0# - LANGUAGE CODE
Language code of text/sound track or separate title spa
082 04 - DEWEY DECIMAL CLASSIFICATION NUMBER
Classification number 330.9861 /
Item number B213c
Edition number 23
110 2# - MAIN ENTRY--CORPORATE NAME
Corporate name or jurisdiction name as entry element Banco Interamericano de Desarrollo
9 (RLIN) 6750
245 10 - TITLE STATEMENT
Title Colombia :
Remainder of title informe socioeconómico /
Statement of responsibility, etc. Banco Interamericano de Desarrollo
260 ## - PUBLICATION, DISTRIBUTION, ETC.
Place of publication, distribution, etc. Washington, D.C. :
Name of publisher, distributor, etc. Banco Interamericano de Desarrollo,
Date of publication, distribution, etc. 1987
300 ## - PHYSICAL DESCRIPTION
Extent 169 páginas :
Other physical details ilustraciones, gráficas y mapas a blanco y negro ;
Dimensions 28 cm.
500 ## - GENERAL NOTE
General note Incluye notas a pie de página.
505 0# - FORMATTED CONTENTS NOTE
Formatted contents note Tendencias macroeconómicas recientes, principales problemas y perspectivas -- Los desafíos en el campo social -- Agricultura y desarrollo rural -- Industria manufacturera -- El sector de energía
651 #2 - SUBJECT ADDED ENTRY--GEOGRAPHIC NAME
Geographic name Colombia
Form subdivision Informes
General subdivision Condiciones económicas
9 (RLIN) 39683
942 ## - ADDED ENTRY ELEMENTS (KOHA)
Source of classification or shelving scheme Dewey Decimal Classification
Koha item type Books
Existencias
Withdrawn status Lost status Source of classification or shelving scheme Damaged status Not for loan Collection code Home library Current library Date acquired Source of acquisition Full call number Barcode Date last seen Copy number Koha item type
    Dewey Decimal Classification     Non-fiction Biblioteca Pública José María del Castillo y Rada Biblioteca Pública José María del Castillo y Rada 04/15/2018 Donación 330.9861 / B213c 430006362 05/16/2024 Ej.1 Books